000 00838nam a2200253 a 4500
001 000024042
005 20200930022652.0
008 110118s1978 cr a r 000 | spa d
040 _aDO-SdBNP
_bspa
_cBNPHU
082 _axxx
_bA696q
100 1 _aArias Sánchez, Oscar
_932556
245 1 0 _a¿Quién gobierna en Costa Rica ? :
_bun estudio del liderazgo formal en Costa Rica /
_cOscar Arias Sánchez ; prólogo de Eugenio Rodríguez.
250 _a2a ed.
260 _aSan José, Costa Rica :
_bUniversitaria Centroamericana,
_c1978.
300 _a378 p. :
_bil. ;
_c19 cm.
490 0 _aSeis
490 _aMayor
500 _aIncluye apéndice y bibliografía
500 _aIncluye notas al pie de páginas
700 1 _aRodríguez, Eugenio
_epról.
_949404
830 0 _aMayor
_914111
830 0 _aSeis
_941413
049 _aBNGR
999 _c23537
_d23537